| 000 -LEADER |
| fixed length control field |
00976nam a2200217Ia 4500 |
| 001 - CONTROL NUMBER |
| control field |
11655 |
| 003 - CONTROL NUMBER IDENTIFIER |
| control field |
GE_BSU |
| 005 - DATE AND TIME OF LATEST TRANSACTION |
| control field |
20211202114931.0 |
| 008 - FIXED-LENGTH DATA ELEMENTS--GENERAL INFORMATION |
| fixed length control field |
211202s1965 enk||||| |||| 00| 0 eng d |
| 040 ## - CATALOGING SOURCE |
| Transcribing agency |
GE_BSU |
| 080 ## - UNIVERSAL DECIMAL CLASSIFICATION NUMBER |
| Universal Decimal Classification number |
008+94 B-25 |
| 100 ## - MAIN ENTRY--PERSONAL NAME |
| Personal name |
Barnes, Harry Elmer. |
| 9 (RLIN) |
13140 |
| 245 #3 - TITLE STATEMENT |
| Title |
An intellectual and cultural history of the western world : |
| Remainder of title |
Volume two from the renaissance through the Eighteeth century / |
| Statement of responsibility, etc. |
Editor:Bernard Myers |
| 264 ## - PRODUCTION, PUBLICATION, DISTRIBUTION, MANUFACTURE, AND COPYRIGHT NOTICE |
| Place of production, publication, distribution, manufacture |
London : |
| Name of producer, publisher, distributor, manufacturer |
Distributed by Heron Books, |
| Date of production, publication, distribution, manufacture, or copyright notice |
1965. |
| 300 ## - PHYSICAL DESCRIPTION |
| Extent |
404 p; |
| Other physical details |
22 cm. |
| 653 ## - INDEX TERM--UNCONTROLLED |
| keyword |
An intellectual and cultural history of the western world. |
| 653 ## - INDEX TERM--UNCONTROLLED |
| keyword |
დასავლური სამყაროს ინტელექტუალური და კულტურული ისტორია |
| 653 ## - INDEX TERM--UNCONTROLLED |
| keyword |
Интеллектуальная и культурная история западного мира |
| 700 ## - ADDED ENTRY--PERSONAL NAME |
| Personal name |
Myers, Bernard |
| Relator term |
რედაქტორი |
| 9 (RLIN) |
13141 |
| 942 ## - ADDED ENTRY ELEMENTS (KOHA) |
| Koha item type |
წიგნი |
| Source of classification or shelving scheme |
|